| 000 | 00632nam a22001937a 4500 | ||
|---|---|---|---|
| 003 | BD-RjUL | ||
| 005 | 20260301105543.0 | ||
| 008 | 260301s1963 us a|||| g||| 00| 0 eng d | ||
| 035 | _a(BD-RjUL) | ||
| 040 |
_aBD-RjUL _beng _cBD-RjUL _dDLC _eDLC |
||
| 041 | _aeng | ||
| 082 |
_223 _a810.3 _bHER 1963 |
||
| 245 |
_aThe Readers Encyclopedia of American Literature , _cBy Max, J. Herzberg |
||
| 260 |
_aNew York _bMetthuen & Company Limited 36 Essex Street WC2 _c1963 |
||
| 300 |
_a1280 page, _billustrations ; _c16 cm. |
||
| 650 |
_aAmerican Literature _vEncyclopedia _917830 |
||
| 700 |
_aHerzberg, Max, J. By _917831 |
||
| 942 |
_2ddc _cBK |
||
| 999 |
_c86231 _d86231 |
||